| 000 | 00593nam a2200205 a 4500 | ||
|---|---|---|---|
| 005 | 20230510063734.0 | ||
| 008 | 991125s1992 es 000 0 spa u | ||
| 020 | _a8432986143 | ||
| 035 | _aUPN01000009047 | ||
| 049 | _aCG | ||
| 050 | 4 |
_aHQ56 _bF4.2 1992 |
|
| 100 | 1 |
_aFerrer i Juliá, Ferran, _d1957-2013 _934749 |
|
| 245 | 1 | 0 |
_aCómo educar la sexualidad en la escuela / _cFerrán Ferrer. |
| 250 | _a3a ed. | ||
| 260 |
_aBarcelona [Esp.] : _bCEAC, _c1992. |
||
| 300 | _a199 p. | ||
| 440 | 0 |
_aEducación y enseñanza. _pAula práctica |
|
| 650 | 4 |
_aEducación sexual _97445 |
|
| 905 | _aLibro | ||
| 999 |
_c9047 _d9047 |
||